Nová encyklopedie českého výtvarného umění : Dodatky /

Salvato in:
Dettagli Bibliografici
Altri autori: Horová, Anděla (Redattore)
Natura: Libro
Lingua:ceco
Pubblicazione: Praha : Academia, 2006
Edizione:1. vydanie
Soggetti:
Tags: Aggiungi Tag
Nessun Tag, puoi essere il primo ad aggiungerne!!

MARC

LEADER 00000nam a22000003a 4500
001 0071862
003 SK-STU
005 20200117112933.4
007 ta
008 190220s ----xo-----e------000-0-----d
020 |a 80-200-1209-5 
040 |a STU  |b slo 
041 0 |a cze 
044 |a xr 
100 1 |a Horová, Anděla  |4 edt  |r Z6 
245 1 0 |a Nová encyklopedie českého výtvarného umění :  |b Dodatky /  |c ed. Anděla Horová 
250 |a 1. vydanie 
260 |a Praha :  |b Academia,  |c 2006 
300 |a 988 s. 
650 0 7 |a výtvarné umenie 
650 0 7 |a Česko 
650 0 7 |a výtvarníci českí 
996 |b 284AU07891  |c A* 11150/U  |l AAKNAR  |s A  |a 24  |w 0071862_0001